00753cam a22002177a 4500999001500000001000500015003000900020005001700029008004100046020001800087040003800105082001900143100002200162245008100184250001200265260005200277300004100329650003600370942001200406952011700418 c2240d22406466BD-DhUAP20210128130100.0200222s1997 maua 000 0 eng  a9780935603064 aBD-DhUAPcBD-DhUAPdBD-DhUAPbEng00a701.85 CHI223 aChijiwa, Hideaki. aColor harmony : ba guide to creative color combinations /cHideaki Chijiwa. a1st ed. aBeverly, Mass. : bRockport Publishers,cc1992. a142 pages :billustrations ;c21 cm. aColor -- Psychological aspects. 2ddccBK 00102ddc4070aUAPCLbUAPCLcGeneral Stacksd2020-02-22o701.85 CHIp3010006466r2020-02-22t1w2020-02-22yBK